| Tag |
First Indicator |
Second Indicator |
Subfields |
| LEADER |
00000cam a2200000 4500 |
| 001 |
in00000051827 |
| 005 |
20151007074031.0 |
| 008 |
800611s1947 enka b 00000 eng |
| 010 |
|
|
|a 47028006
|
| 035 |
|
|
|a (OCoLC)06406948
|
| 035 |
|
|
|9 AAF0821AM
|
| 040 |
|
|
|a DLC
|c TXA
|d UtOrBLW
|
| 049 |
|
|
|a TXAM
|c 2 [164675]
|
| 050 |
|
0 |
|a TK4601
|b .H4
|
| 092 |
|
|
|a 621.396
|b H437f
|
| 100 |
0 |
|
|a Heat-Treater,
|c pseud.
|
| 245 |
1 |
0 |
|a Fundamental principles and applications of induction heating.
|
| 264 |
|
1 |
|a London :
|b Chapman & Hall,
|c 1947.
|
| 300 |
|
|
|a 147 pages :
|b illustrations ;
|c 22 cm.
|
| 336 |
|
|
|a text
|b txt
|2 rdacontent
|
| 337 |
|
|
|a unmediated
|b n
|2 rdamedia
|
| 338 |
|
|
|a volume
|b nc
|2 rdacarrier
|
| 504 |
|
|
|a Includes "References."
|
| 650 |
|
0 |
|a Induction heating.
|
| 999 |
|
|
|a MARS
|
| 999 |
f |
f |
|s 236ba9d9-4c09-32dd-b980-1e3bca2cf894
|i 6f0a0682-3356-3127-bade-ca97ea49c70b
|t 0
|
| 952 |
f |
f |
|p normal
|a Texas A&M University
|b College Station
|c Sterling C. Evans Library
|d Evans: Library Stacks
|t 0
|e TK4601 .H4
|h Library of Congress classification
|i unmediated -- volume
|m A14801040173
|
| 998 |
f |
f |
|a TK4601 .H4
|t 0
|l Evans: Library Stacks
|